<?xml version="1.0" encoding="UTF-8"?>
<marc:record xmlns:marc="http://www.loc.gov/MARC21/slim">
   <marc:leader>00000nam a2200000 a 4500</marc:leader>
   <marc:datafield ind1="1" ind2=" " tag="100">
      <marc:subfield code="a">Gier, Kerstin</marc:subfield>
      <marc:subfield code="4">aut</marc:subfield>
      <marc:subfield code="e">Verfasser/-in</marc:subfield>
   </marc:datafield>
   <marc:datafield ind1="0" ind2="0" tag="245">
      <marc:subfield code="a">Die Mütter-Mafia</marc:subfield>
   </marc:datafield>
   <marc:datafield ind1=" " ind2="1" tag="264">
      <marc:subfield code="b">Bastei Lübbe GmbH &amp; Co KG</marc:subfield>
      <marc:subfield code="c">2005</marc:subfield>
   </marc:datafield>
   <marc:datafield ind1="1" ind2=" " tag="490">
      <marc:subfield code="a">Mütter-Mafia</marc:subfield>
   </marc:datafield>
   <marc:datafield ind1="1" ind2=" " tag="520">
      <marc:subfield code="a">Deutschland sucht die Super-Mami! 
Es gibt sie, die perfekten Mamis und Bilderbuch-Mütter, die sich nur über Kochrezepte, Klavierlehrer und Kinderfrauen austauschen. Doch eigentlich sind sie der Albtraum jeder Vorstadtsiedlung. Dagegen hilft nur eins. Sich zusammenrotten und eine kreative Gegenbewegung gründen: die "Mütter-Mafia"! Ab jetzt müssen sich alle braven Muttertiere warm anziehen ...</marc:subfield>
   </marc:datafield>
   <marc:datafield ind1=" " ind2=" " tag="020">
      <marc:subfield code="a">9783404152964</marc:subfield>
      <marc:subfield code="9">9783404152964</marc:subfield>
   </marc:datafield>
</marc:record>
